Main sponsor Serie A - Statistics

General Stats
  • This quiz has been taken 13 times
  • The average score is 5 of 20
Answer Stats
SQUADRA SPONSOR % Correct
Juventus Jeep
92%
Milan Emirates
67%
Inter Betsson
50%
Atalanta Lete
42%
Bologna Saputo
42%
Venezia Cynar
25%
Fiorentina Mediacom
25%
Napoli Msc
25%
Roma Riyadh
25%
Como Uber
25%
Udinese Io sono friuli venezia giulia
17%
Cagliari Moby
17%
Parma Prometeon
17%
Genoa Pulsee
17%
Torino Suzuki
17%
Hellas verona 958 Santero
8%
Lazio Aeroitalia
8%
Empoli Computer gross
8%
Lecce Deghi
8%
Monza Motorola
8%
No matching quizzes found
Score Distribution
Percent of People with Each Score
Percentile by Number Answered
Your Score History
You have not taken this quiz